FinTech Innovation

Salvato in:
Dettagli Bibliografici
Autore principale: Paolo Sironi
Natura: Libro
Pubblicazione: wiley
Soggetti:
Tags: Aggiungi Tag
Nessun Tag, puoi essere il primo ad aggiungerne!!

MARC

LEADER 00000nam a2200000Ia 4500
005 20260427112723.0
526 |b FinTech 
100 |a Paolo Sironi 
020 |a 9781119226987 
650 |a FinTech 
526 |a Masters 
942 |c BK 
245 |a FinTech Innovation 
260 |b wiley 
999 |c 111  |d 111 
952 |0 0  |1 0  |4 0  |7 0  |8 3  |a BRISTOL  |b BRISTOL  |d 2026-04-22  |l 0  |p 000102  |r 2026-04-27 11:27:23  |w 2026-04-27  |y BK